| 000 | 00513nam a2200181Ia 4500 | ||
|---|---|---|---|
| 003 | GCL | ||
| 008 | 140319s9999 xx 000 0 eng d | ||
| 040 |
_aGCL / _cGCL |
||
| 082 | 0 | 4 |
_a720.222 _bG B |
| 100 | 1 | _aGILL,ROBERT W. | |
| 245 | 1 | 0 |
_aBASIC RENDERING: EFFECTIVE DRAWING FOR DESIGNERS ARTISTS AND ILLUSTSATARS / _cGILL,ROBERT W. |
| 260 |
_a[S.N] : _bTHAMES AND HUDSON ، _c1991 |
||
| 300 | _a215P | ||
| 650 | 0 | 4 | _aRENDERING |
| 650 | 0 | 4 | _aPRESPECTIVE |
| 650 | 0 | 4 | _aARCHITECTURAL RENDERIN |
| 942 |
_2ddc _cBK |
||
| 999 |
_c12055 _d12055 |
||